| 000 | 00612nam a2200193 a 4500 | ||
|---|---|---|---|
| 001 | 000012430 | ||
| 005 | 20250206123232.0 | ||
| 008 | 091112s2001 dr 000 f spa d | ||
| 040 |
_aDO-SdBNP _bspa _cBNPHU |
||
| 082 |
_aRD863.44 _bG861f |
||
| 100 | 1 |
_aGrimaldi, Víctor, _d1949- _91699 |
|
| 245 | 1 | 0 |
_aEn la fábrica del siglo / _cVíctor Grimaldi. |
| 260 |
_aSanto Domingo : _bAmigo del Hogar, _c2001. |
||
| 300 |
_a83 p. ; _c16 cm. |
||
| 590 | _aInventariado, 2019/BT | ||
| 650 | 0 |
_aNovela histórica dominicana. _9860 |
|
| 650 | 0 |
_aLiteratura dominicana. _967 |
|
| 910 | _aValidado. Control de calidad MMOLINA | ||
| 999 |
_c12087 _d12087 |
||